Central Library OPAC University of Rajshahi

কাশতানকা / (Record no. 48913)

MARC details
000 -LEADER
fixed length control field 00835nam a2200229 a 4500
001 - CONTROL NUMBER
control field 48913
003 - CONTROL NUMBER IDENTIFIER
rucl marc code BD-RjUL
005 - DATE AND TIME OF LATEST TRANSACTION
control field 20211209054615.0
008 - FIXED-LENGTH DATA ELEMENTS--GENERAL INFORMATION
fixed length control field 160817s1973 ru a|||| |||| 00| 0 ben d
035 ## - SYSTEM CONTROL NUMBER
System control number (BD-RjUL)49032
040 ## - CATALOGING SOURCE
Original cataloging agency BD-RjUL
Language of cataloging ben
Transcribing agency BD-RjUL
041 ## - LANGUAGE CODE
Language code of text/sound track or separate title ben
082 ## - DEWEY DECIMAL CLASSIFICATION NUMBER
Edition number 23
Classification number 891.73
Author mark and year CHK 1973
100 1# - MAIN ENTRY--PERSONAL NAME
Personal name চেখভ, অন্তন
9 (RLIN) 147330
245 10 - TITLE STATEMENT
Title কাশতানকা /
Statement of responsibility, etc. অনিমেষ পাল অনুবাদক
260 ## - PUBLICATION, DISTRIBUTION, ETC. (IMPRINT)
Place of publication, distribution, etc. মস্কো :
Name of publisher, distributor, etc. প্রগতি প্রকাশন,
Date of publication, distribution, etc. c১৯৭৩
300 ## - PHYSICAL DESCRIPTION
Pagination ৬০ পৃ. :
Size ২১ সেমি.
Illustrations চিত্র ;
650 ## - SUBJECT ADDED ENTRY--TOPICAL TERM
Topical term or geographic name as entry element রাশিয়ান উপন্যাস
9 (RLIN) 147320
Topical term or geographic name as entry element Russian Fiction
9 (RLIN) 147321
700 ## - ADDED ENTRY--PERSONAL NAME
Personal name পাল, অনিমেষ, অনুবাদক
942 ## - ADDED ENTRY ELEMENTS (KOHA)
Source of classification or shelving scheme Dewey Decimal Classification
Koha item type Books
Holdings
Lost status Source of classification or shelving scheme Damaged status Not for loan Collection code Permanent Location Current Location Shelving location Date acquired Source of acquisition Cost, normal purchase price Total Checkouts Full call number Date last seen Copy number Koha item type
  Dewey Decimal Classification     Fiction Central Library, University of Rajshahi Central Library, University of Rajshahi   04/08/1991 Samsunnahar 0.00   B 891.73 CHK 1973 17/08/2016 C-2 Books